01670 2200205 4500001002100000005001500021035002000036245006800056100001700124250000600141300003500147856004500182260003600227082000800263084001400271020002200285600001000307520113500317990001201452INLIS00000000000196420250523102700 a0010-05250002561 aGustira :bBenarkah cinta datang tanpa disadari /cNurul Amanah0 aNurul Amanah a1 a352 :bIlust ;c13,5 x 19,5 cm aRuang Baca Umum No Klas 800 ( Rak 3,4,5) aBandung :bMizan Pustaka,c2019 a813 a813 NUR g a978-602-6716-46-0 4aFiksi aSemua ini bermula dari gue yang sok-sok baik hati gantiin Sisy, buat ketemu sama secret admirer-nya. Begitu ketemu di tempat parkir, lalu bilang ke cowok itu, Maaf, Ssisy nggak bisa ketemu, Eh malah berujung ke cowok itu nanya, Nama kamu siapa? Nama gue Ira dan sejak pertemuan itu, gue jadi dibayangi oleh sosok paling nyebelin sesekolah: Gusti. Cowok ini aneh bin ajaib, nggak akan pernah deh elo nemu duanya. Kita nanya apa, dia jawab apa. Paling bete gue kalau muka Gusti udah nongol di depan muka. Mau jauhin juga susah, karena dia mendadak jadi nempel terus berminggu-minggu. Anehya, gue nggak usaha-usaha banget buat jauhin dia. Kalau gue sebel, harusnya gue kabur juga dong? Kok gue biarin dia terus datang ke hari-hari gue? Apa gue sebenernya suka sama dia? Novel karya Kata Kokoh ini memiliki beberapa keunggulan, beberapa di antaranya adalah cerita ini sudah dibaca 6,3 juta kali di Wattpad, di mana penulis juga merupakan penulis dari novel best seller Senior, Inestable, dan Athlas. Selain itu, pembaca juga dibuat jatuh cinta pada tokohnya dan alur yang membuat pembaca jadi ikut masuk ke dalam cerita. a0754548